[Event "22MCRW_F"]
[Site "?"]
[Date "2010.??.??"]
[Round "?"]
[White "Novak, Vratislav"]
[Black "Schwarz, Jan"]
[Result "1/2-1/2"]
[WhiteElo "2337"]
[BlackElo "2312"]
[PlyCount "39"]
[EventDate "2010.??.??"]
[EventType "corr"]
[EventRounds "1"]
[SourceDate "2010.03.27"]

1. e4 e5 2. Nf3 Nc6 3. Bb5 a6 4. Ba4 Nf6 5. O-O Be7 6. Re1 b5 7. Bb3 O-O 8. h3
Bb7 9. c3 d5 10. exd5 Nxd5 11. d3 Bf6 12. Nbd2 Nf4 13. Ne4 Nxd3 14. Nxf6+ gxf6
15. Re4 Nc5 16. Rg4+ Kh8 17. Bh6 Rg8 18. Bxf7 Qxd1+ 19. Rxd1 Rxg4 20. hxg4
1/2-1/2

[Event "22MCRW_F"]
[Site "?"]
[Date "2010.??.??"]
[Round "?"]
[White "Nejtek, Jiri"]
[Black "Bucek, Jiri"]
[Result "0-1"]
[WhiteElo "2449"]
[BlackElo "2412"]
[PlyCount "32"]
[EventDate "2010.??.??"]
[EventType "corr"]
[EventRounds "1"]
[SourceDate "2010.03.27"]

1. Nf3 Nf6 2. d4 e6 3. e3 c5 4. Bd3 d5 5. c3 Nc6 6. Nbd2 Bd6 7. O-O O-O 8. dxc5
Bxc5 9. e4 Qc7 10. Qe2 h6 11. Bc2 a5 12. e5 Ng4 13. Nb3 Ba7 14. Nbd4 Bb8 15.
Qd3 f5 16. Nxe6 Bxe6 0-1

[Event "22MCRW_F"]
[Site "?"]
[Date "2010.??.??"]
[Round "?"]
[White "Valak, Alois"]
[Black "Schwarz, Jan"]
[Result "1/2-1/2"]
[WhiteElo "2439"]
[BlackElo "2312"]
[PlyCount "48"]
[EventDate "2010.??.??"]
[EventType "corr"]
[EventRounds "1"]
[SourceDate "2010.03.27"]

1. e4 e5 2. Nf3 Nc6 3. Bb5 a6 4. Ba4 Nf6 5. O-O Be7 6. Re1 b5 7. Bb3 O-O 8. c3
d5 9. exd5 Nxd5 10. Nxe5 Nxe5 11. Rxe5 c6 12. d4 Bd6 13. Re1 Qh4 14. g3 Qh3 15.
Bxd5 cxd5 16. Qf3 Bf5 17. Qxd5 Rae8 18. Bd2 Bf4 19. Rxe8 Rxe8 20. Qc6 Bd7 21.
Qf3 Bg5 22. c4 Bf5 23. Qc6 Bd7 24. Qf3 Bf5 1/2-1/2

[Event "22MCRW_F"]
[Site "?"]
[Date "2010.??.??"]
[Round "?"]
[White "Schwarz, Jan"]
[Black "Vozda, Jindrich"]
[Result "1/2-1/2"]
[WhiteElo "2312"]
[BlackElo "2471"]
[PlyCount "56"]
[EventDate "2010.??.??"]
[EventType "corr"]
[EventRounds "1"]
[SourceDate "2010.03.27"]

1. e4 e5 2. Nf3 Nc6 3. Bb5 a6 4. Ba4 Nf6 5. O-O Be7 6. Re1 b5 7. Bb3 O-O 8. c3
d5 9. exd5 Nxd5 10. Nxe5 Nxe5 11. Rxe5 c6 12. d4 Bd6 13. Re1 Qh4 14. g3 Qh3 15.
Bxd5 cxd5 16. Qf3 Bf5 17. Qxd5 Rae8 18. Bd2 Bf4 19. Rxe8 Rxe8 20. Qc6 Bd7 21.
Qf3 h6 22. Be3 Bg5 23. a4 Bg4 24. Qg2 Qh5 25. Nd2 Bxe3 26. Re1 Bh3 27. Qf3 Bg4
28. Qg2 Bh3 1/2-1/2

[Event "22MCRW_F"]
[Site "?"]
[Date "2010.??.??"]
[Round "?"]
[White "Novak, Vratislav"]
[Black "Kyhos, Alois"]
[Result "1/2-1/2"]
[WhiteElo "2337"]
[BlackElo "2352"]
[PlyCount "55"]
[EventDate "2010.??.??"]
[EventType "corr"]
[EventRounds "1"]
[SourceDate "2010.03.27"]

1. e4 e5 2. Nf3 Nc6 3. Bb5 a6 4. Ba4 Nf6 5. O-O Be7 6. Re1 b5 7. Bb3 O-O 8. c3
d5 9. exd5 Nxd5 10. Nxe5 Nxe5 11. Rxe5 c6 12. d4 Bd6 13. Re1 Qh4 14. g3 Qh3 15.
Be3 Bg4 16. Qd3 Rae8 17. Nd2 Re6 18. a4 Qh5 19. axb5 axb5 20. Nf1 Bf5 21. Qd2
Rfe8 22. Bd1 Qg6 23. Bf3 h5 24. Ra6 h4 25. Rxc6 Be4 26. Bxe4 Qxe4 27. Bg5 Qxe1
28. Qxe1 1/2-1/2

[Event "22MCRW_F"]
[Site "?"]
[Date "2010.??.??"]
[Round "?"]
[White "Kuta, Jiri"]
[Black "Schwarz, Jan"]
[Result "1/2-1/2"]
[WhiteElo "2410"]
[BlackElo "2312"]
[PlyCount "48"]
[EventDate "2010.??.??"]
[EventType "corr"]
[EventRounds "1"]
[SourceDate "2010.03.27"]

1. e4 e5 2. Nf3 Nc6 3. Bb5 a6 4. Ba4 Nf6 5. O-O Be7 6. Re1 b5 7. Bb3 O-O 8. c3
d5 9. exd5 Nxd5 10. Nxe5 Nxe5 11. Rxe5 c6 12. d4 Bd6 13. Re1 Qh4 14. g3 Qh3 15.
Be3 Be6 16. Qf3 a5 17. a4 Rab8 18. Bd2 h6 19. Qg2 Qf5 20. Bc1 Rfe8 21. axb5 Nf4
22. Bxe6 Nh3+ 23. Kh1 Nxf2+ 24. Kg1 Nh3+ 1/2-1/2

[Event "22MCRW_F"]
[Site "?"]
[Date "2010.??.??"]
[Round "?"]
[White "Nedoma, Petr"]
[Black "Sykora, Josef"]
[Result "1-0"]
[WhiteElo "2395"]
[BlackElo "2351"]
[PlyCount "75"]
[EventDate "2010.??.??"]
[EventType "corr"]
[EventRounds "1"]
[SourceDate "2010.03.27"]

1. e4 c6 2. d4 d5 3. e5 c5 4. dxc5 e6 5. Be3 Nd7 6. Bb5 Qc7 7. Nf3 Bxc5 8. Bxc5
Qxc5 9. Nc3 Ne7 10. O-O O-O 11. Re1 h6 12. Qd2 Qc7 13. Rad1 a6 14. Bxd7 Bxd7
15. Ne2 Rfc8 16. Ned4 Qb6 17. c3 Qa5 18. a3 b5 19. Re3 Qb6 20. Ne1 Rc4 21. Nd3
Rac8 22. Rg3 Kh8 23. Nf4 Qc7 24. Re1 Qd8 25. b3 R4c7 26. Ree3 Qg8 27. h4 Qh7
28. Nh5 Rg8 29. Ref3 Be8 30. Rf6 gxf6 31. Nxf6 Rxg3 32. Nxh7 Rxg2+ 33. Kxg2
Kxh7 34. Qd3+ Kg8 35. Qf3 Kh7 36. Qf6 Nc6 37. f4 Nxd4 38. cxd4 1-0

[Event "22MCRW_F"]
[Site "?"]
[Date "2010.??.??"]
[Round "?"]
[White "Pravec, Ladislav"]
[Black "Nedoma, Petr"]
[Result "1/2-1/2"]
[WhiteElo "2335"]
[BlackElo "2395"]
[PlyCount "50"]
[EventDate "2010.??.??"]
[EventType "corr"]
[EventRounds "1"]
[SourceDate "2010.03.27"]

1. d4 Nf6 2. c4 e6 3. Nf3 d5 4. Nc3 c6 5. e3 Nbd7 6. Bd3 dxc4 7. Bxc4 b5 8. Bd3
Bb7 9. O-O Bd6 10. Qc2 b4 11. Ne4 Nxe4 12. Bxe4 Rc8 13. Rd1 Nf6 14. Bd3 c5 15.
Qa4+ Qd7 16. Bb5 Bc6 17. Bxc6 Qxc6 18. Qxc6+ Rxc6 19. a3 Ra6 20. Bd2 bxa3 21.
dxc5 Bxc5 22. bxa3 O-O 23. Bb4 Bxb4 24. axb4 Rb6 25. Rxa7 Rxb4 1/2-1/2

[Event "22MCRW_F"]
[Site "?"]
[Date "2010.??.??"]
[Round "?"]
[White "Javorsky, Jan"]
[Black "Bucek, Jiri"]
[Result "1/2-1/2"]
[WhiteElo "2320"]
[BlackElo "2412"]
[PlyCount "129"]
[EventDate "2010.??.??"]
[EventType "corr"]
[EventRounds "1"]
[SourceDate "2010.03.27"]

1. d4 Nf6 2. c4 e6 3. Nf3 Bb4+ 4. Nbd2 O-O 5. a3 Be7 6. e4 d5 7. Qc2 dxe4 8.
Nxe4 Nxe4 9. Qxe4 f5 10. Qc2 c5 11. dxc5 Nc6 12. Bf4 Qa5+ 13. Qd2 Qxd2+ 14.
Bxd2 e5 15. Bc3 e4 16. Nd4 Bxc5 17. Nxc6 bxc6 18. b4 Be7 19. Be2 Be6 20. O-O a5
21. b5 cxb5 22. cxb5 Rfc8 23. Bd4 Bc4 24. Bxc4+ Rxc4 25. Be3 Kf7 26. g3 Ke6 27.
a4 Rac8 28. Rfc1 Bd6 29. Kg2 g6 30. Rab1 Rxc1 31. Rxc1 Rxc1 32. Bxc1 Bc7 33. f3
exf3+ 34. Kxf3 Bd8 35. Be3 Kd6 36. Kf4 Kd5 37. Bg1 Kd6 38. Bf2 Kd5 39. Be3 Kd6
40. h4 Kd7 41. Ba7 Bc7+ 42. Kf3 Bd8 43. Ke3 Kc7 44. Kd3 f4 45. Bf2 fxg3 46.
Bxg3+ Kb7 47. Ke4 h5 48. Bf2 g5 49. hxg5 Bxg5 50. Kf5 Bd8 51. Bg3 h4 52. Bd6
Kc8 53. Kg4 Kd7 54. Bf8 Ke6 55. Bc5 Kd5 56. Ba7 Kc4 57. b6 Bxb6 58. Bxb6 Kb4
59. Kxh4 Kxa4 60. Kg4 Kb4 61. Kf3 a4 62. Bg1 a3 63. Ke4 a2 64. Be3 a1=Q 65. Bd4
1/2-1/2